[Event "WCh-Junior"]
[Site "Gaziantep TUR"]
[Date "2008.08.13"]
[Round "11"]
[White "Ronchetti,N"]
[Black "Enchev,I"]
[Result "1/2-1/2"]
[WhiteElo "2434"]
[BlackElo "2367"]
[EventDate "2008.08.03"]

1. e4 e5 2. Nf3 Nc6 3. Bb5 a6 4. Ba4 Nf6 5. O-O b5 6. Bb3 Be7 7. Re1 d6 8.
c3 O-O 9. d4 exd4 10. cxd4 Bg4 11. Nc3 Na5 12. Bc2 c5 13. h3 Bxf3 14. Qxf3
cxd4 15. Ne2 Nc6 16. Ng3 Nd7 17. Nf5 Bf6 18. Qg3 Nde5 19. Bh6 Ng6 20. Bd2
d3 21. Bb3 Bxb2 22. Rad1 Nd4 23. Qxd3 Ne5 24. Qb1 Nxf5 25. Qxb2 Nh4 26. Qc3
Re8 27. Qg3 Nhg6 28. Bb4 Nc4 29. Bxd6 Qf6 30. Bb4 Qc6 31. Qd3 Nf4 32. Qf3
Ne6 33. Qg3 a5 34. Bc3 b4 35. Ba1 a4 36. Bxc4 Qxc4 37. Rd6 f6 38. Bxf6 Ra7
39. Rb6 Rf7 40. Ba1 Nf4 41. Kh2 Ref8 42. Rd1 Qc2 43. Re1 Nd3 44. Re3 Nxf2
45. Rf3 Ng4+ 46. Qxg4 Qc7+ 47. Rg3 h5 48. Qe6 h4 49. Be5 hxg3+ 50. Bxg3 Qc8
51. Qd5 Rd8 52. Qg5 Re8 53. Rxb4 1/2-1/2

[Event "WCh-Junior"]
[Site "Gaziantep TUR"]
[Date "2008.08.13"]
[Round "11"]
[White "Hughes,T"]
[Black "Baratosi,D"]
[Result "0-1"]
[WhiteElo "2161"]
[BlackElo "2433"]
[EventDate "2008.08.03"]

1. d4 d5 2. c4 e5 3. dxe5 d4 4. Nf3 Nc6 5. g3 Nge7 6. Bg2 Ng6 7. Bg5 Qd7 8.
e6 fxe6 9. O-O h6 10. Bh4 e5 11. Nbd2 Qf7 12. Qb3 a5 13. Qb5 Ra6 14. c5
Nxh4 15. Nxh4 g5 16. Nhf3 Bg7 17. h4 a4 18. hxg5 Ra5 19. Qc4 Qxc4 20. Nxc4
Rxc5 21. Rac1 Bg4 22. Ncd2 Rb5 23. b3 axb3 24. axb3 O-O 25. Ne4 d3 26. gxh6
Bxh6 27. Rc4 Bxf3 28. Bxf3 Nd4 29. Bg4 dxe2 30. Re1 Rf7 31. Bxe2 Rxb3 32.
Bh5 Nf3+ 33. Kf1 Re7 34. Nf6+ Kg7 35. Bxf3 Kxf6 36. Kg2 Rb2 37. Rg4 Bd2 38.
Re2 c6 39. Be4 Rg7 40. Rh4 Bg5 41. Rxb2 Bxh4 42. Kf3 Bg5 43. Rb1 Ke6 44.
Rb2 Kd6 45. Rc2 Kc7 46. Ke2 Rf7 47. Rc5 Kd6 48. Rc2 Bh6 49. Rc3 Bg5 50. Rc2
Bd8 51. Rd2+ Kc7 52. Rc2 Be7 53. Rc4 Rf6 54. Rc2 b5 55. f4 exf4 56. gxf4
Kb6 57. f5 c5 58. Bd3 Rc6 59. Be4 Rh6 60. Rc1 Rh4 61. Bd5 c4 62. Be6 Kc5
63. Ra1 b4 64. Ra8 b3 65. Rb8 Bf6 66. Rc8+ Kb4 67. Kd1 Rh1+ 68. Kd2 b2 69.
Rb8+ Kc5 70. Kc2 Rc1+ 0-1

[Event "WCh-Junior"]
[Site "Gaziantep TUR"]
[Date "2008.08.13"]
[Round "11"]
[White "Ilic,Sla"]
[Black "Kalashian,D"]
[Result "0-1"]
[WhiteElo "2081"]
[BlackElo "2432"]
[EventDate "2008.08.03"]

1. e4 c5 2. c3 Nf6 3. e5 Nd5 4. Nf3 Nc6 5. d4 cxd4 6. Bc4 Nb6 7. Bb3 d5 8.
exd6 Qxd6 9. O-O Be6 10. Bxe6 Qxe6 11. Nxd4 Nxd4 12. Qxd4 Rd8 13. Qb4 Qc6
14. Nd2 e6 15. Qg4 h5 16. Qf3 Qxf3 17. Nxf3 Bc5 18. Bf4 Nd5 19. Be5 f6 20.
Bd4 Bxd4 21. Nxd4 Kf7 22. f4 Rhe8 23. a4 Nxf4 24. Nb5 g5 25. Nxa7 Rd2 26.
Nb5 Red8 27. Kh1 Rxb2 28. Rab1 Rxb1 29. Rxb1 Kg6 30. g3 Nh3 31. Nc7 e5 32.
Ne6 Rd2 33. Nc5 b6 34. Rxb6 Rd1+ 35. Kg2 g4 0-1

[Event "WCh-Junior"]
[Site "Gaziantep TUR"]
[Date "2008.08.13"]
[Round "11"]
[White "Potapov,P"]
[Black "Alvarez Ramirez,M"]
[Result "1/2-1/2"]
[WhiteElo "2418"]
[BlackElo "2194"]
[EventDate "2008.08.03"]

1. e4 c5 2. c3 Nf6 3. e5 Nd5 4. Nf3 Nc6 5. Bc4 Nb6 6. Bb3 c4 7. Bc2 Qc7 8.
Qe2 g5 9. e6 dxe6 10. Nxg5 Qe5 11. d4 cxd3 12. Bxd3 Qxe2+ 13. Bxe2 h6 14.
Ne4 e5 15. Ng3 Be6 16. O-O Bc4 17. Bxc4 Nxc4 18. b3 Nd6 19. Nd2 e6 20. Bb2
h5 21. Rad1 h4 22. Nge4 O-O-O 23. Nxd6+ Rxd6 24. Ne4 Rxd1 25. Rxd1 Be7 26.
f3 Kc7 27. Kf1 f5 28. Nf2 b5 29. Nd3 Rd8 30. Ke2 Rg8 31. Rg1 Bd6 32. Bc1 e4
33. fxe4 Bxh2 34. Rh1 fxe4 35. Rxh2 exd3+ 36. Kxd3 Rg3+ 37. Kc2 e5 38. Bd2
b4 39. Be1 Re3 40. Bd2 Re4 41. Kd3 Rg4 42. Be1 bxc3 43. Bxc3 Nb4+ 44. Ke2
Nxa2 45. Kd2 Nb4 1/2-1/2

[Event "WCh-Junior"]
[Site "Gaziantep TUR"]
[Date "2008.08.13"]
[Round "11"]
[White "Papadopoulos,I"]
[Black "Lortkipanidze,N"]
[Result "1-0"]
[WhiteElo "2490"]
[BlackElo "2080"]
[EventDate "2008.08.03"]

1. e4 c6 2. d4 d5 3. Nc3 dxe4 4. Nxe4 Nf6 5. Nxf6+ gxf6 6. Bc4 Bf5 7. Ne2
e6 8. Be3 Nd7 9. Qd2 Qc7 10. Bf4 Bd6 11. Bxd6 Qxd6 12. O-O-O O-O-O 13. Qe3
Nb6 14. Bb3 Nd5 15. Qg3 Qxg3 16. hxg3 Be4 17. Bxd5 Rxd5 18. Nc3 Bxg2 19.
Rh2 Bf3 20. Nxd5 Bxd1 21. Nxf6 Bf3 22. Rxh7 Rf8 23. Rg7 Kd8 24. Nh7 1-0

[Event "WCh-Junior"]
[Site "Gaziantep TUR"]
[Date "2008.08.13"]
[Round "11"]
[White "Plenca,J"]
[Black "Stupak,K"]
[Result "0-1"]
[WhiteElo "2295"]
[BlackElo "2458"]
[EventDate "2008.08.03"]

1. e4 e6 2. d4 d5 3. Nc3 Nf6 4. e5 Nfd7 5. f4 c5 6. Nf3 Nc6 7. Be3 a6 8.
Qd2 b5 9. a3 Qb6 10. Be2 Be7 11. O-O Bb7 12. Rad1 O-O 13. Kh1 Rfc8 14. f5
cxd4 15. Nxd4 Bc5 16. Nxc6 Bxc6 17. Bxc5 Qxc5 18. Qf4 d4 19. Rxd4 exf5 20.
Bd3 Nxe5 21. Bxf5 Rd8 22. Bxh7+ Kf8 23. Rxd8+ Rxd8 24. Be4 Rd4 25. Qf2 Bxe4
26. Nxe4 Qd5 27. Nc3 Qd6 28. Qf5 g6 29. Qc8+ Kg7 30. h3 Nc4 31. Qe8 Qd7 32.
Qe2 Rd2 33. Qe4 Qd6 34. Qf3 f5 35. Qb7+ Kh6 36. Qa8 Ne3 37. Qh8+ Kg5 38.
h4+ Kg4 39. Qh6 Rxg2 40. Qg5+ Kh3 41. Rf3+ Rg3 42. Rxe3 Qc6+ 43. Ne4 Qxe4+
44. Rxe4 Rxg5 45. Rd4 Rg4 46. Rd6 Kxh4 47. Rxa6 Kg3 48. Kg1 g5 49. Rd6 f4
50. Rd5 f3 51. Rxb5 Kf4+ 52. Kf1 Rh4 53. Kg1 g4 54. a4 Kg3 55. Rb3 Rh2 56.
Ra3 Rxc2 57. Ra1 Rg2+ 0-1

[Event "WCh-Junior"]
[Site "Gaziantep TUR"]
[Date "2008.08.13"]
[Round "11"]
[White "Georgescu,T"]
[Black "Constantinou,Pe"]
[Result "1-0"]
[WhiteElo "2442"]
[BlackElo "2225"]
[EventDate "2008.08.03"]

1. d4 c5 2. d5 e5 3. e4 d6 4. Bb5+ Bd7 5. a4 a6 6. Be2 Be7 7. Nf3 h6 8.
Nfd2 Bg5 9. Nc4 Bc8 10. Nc3 Ne7 11. a5 Ng6 12. Na4 Ra7 13. Nab6 Ke7 14. Bg4
Bd7 15. Be3 Bxe3 16. Nxe3 Kf8 17. Qf3 Kg8 18. h4 Ne7 19. h5 Nc8 20. Nec4
Nxb6 21. Nxb6 Be8 22. Qf5 Kf8 23. Ra3 f6 24. Rhh3 Bf7 25. c4 Ke8 26. Rhb3
1-0

[Event "WCh-Junior"]
[Site "Gaziantep TUR"]
[Date "2008.08.13"]
[Round "11"]
[White "Vocaturo,D"]
[Black "Vavric,P"]
[Result "1-0"]
[WhiteElo "2417"]
[BlackElo "2218"]
[EventDate "2008.08.03"]

1. c4 g6 2. Nc3 Bg7 3. g3 c5 4. Bg2 Nc6 5. a3 e5 6. b4 d6 7. Rb1 Nge7 8. d3
O-O 9. e3 f5 10. Nge2 g5 11. Nd5 e4 12. dxe4 Ne5 13. exf5 Nxf5 14. Qb3 g4
15. Nef4 Qg5 16. Bb2 Rb8 17. h3 gxh3 18. Rxh3 Qg4 19. e4 Nd4 20. Bxd4 cxd4
21. c5 Kh8 22. Kd2 Be6 23. Rh4 Qg5 24. Rbh1 Bg8 25. Rh5 Qd8 26. Bh3 dxc5
27. bxc5 Qa5+ 28. Qb4 Qa6 29. Bf1 d3 30. Kd1 Rf7 31. Bh3 h6 32. Be6 Rxf4
33. gxf4 Qxe6 34. fxe5 Qg4+ 35. Kc1 Rc8 36. Kb1 Qe2 37. Qxb7 Qc2+ 38. Ka1
Bxd5 39. Rxh6+ Bxh6 40. Rxh6+ Kg8 41. Rg6+ Kf8 42. Qxc8+ Kf7 43. Qg8+ Ke7
44. Rg7+ 1-0

[Event "WCh-Junior"]
[Site "Gaziantep TUR"]
[Date "2008.08.13"]
[Round "11"]
[White "Kulakov,V"]
[Black "Pascua,H"]
[Result "1/2-1/2"]
[WhiteElo "2360"]
[BlackElo "2174"]
[EventDate "2008.08.03"]

1. d4 Nf6 2. c4 g6 3. Nc3 Bg7 4. e4 d6 5. f4 O-O 6. Nf3 c5 7. Be2 cxd4 8.
Nxd4 Nc6 9. Nxc6 bxc6 10. O-O Qb6+ 11. Kh1 Rd8 12. Na4 Qc7 13. Qc2 c5 14.
Nc3 Bb7 15. Bf3 Bc6 16. e5 Ne8 17. Nd5 Bxd5 18. Bxd5 Rab8 19. f5 gxf5 20.
e6 fxe6 21. Bxe6+ Kh8 22. Rxf5 Nf6 23. Bg5 Rf8 24. Raf1 Qb7 25. Bxf6 Rxf6
26. Rxf6 Bxf6 27. b3 Qb4 28. Qe2 h6 29. Qe3 Bg7 30. Qd3 Rf8 31. Rxf8+ Bxf8
32. Qf1 Bg7 33. g3 Bf6 34. Bd5 Qc3 35. Qf5 Qe1+ 36. Kg2 Qd2+ 37. Kh3 Qg5
38. Qc8+ Kh7 39. Qe6 h5 40. Be4+ Kg7 41. Bd5 Kh6 42. a4 a5 43. Qe4 Qe5 44.
Qf3 Kg6 45. Be4+ Kh6 46. Bc2 Kg7 47. Qd3 Qg5 48. Qh7+ Kf8 49. Bf5 Qc1 50.
Be4 Qg5 51. Bf3 h4 52. Qe4 hxg3 53. hxg3 Kg7 54. Be2 1/2-1/2

[Event "WCh-Junior"]
[Site "Gaziantep TUR"]
[Date "2008.08.13"]
[Round "11"]
[White "Anton,T"]
[Black "Deruni,B"]
[Result "1-0"]
[WhiteElo "2353"]
[BlackElo "2032"]
[EventDate "2008.08.03"]

1. d4 Nf6 2. c4 g6 3. Nf3 Bg7 4. g3 O-O 5. Bg2 d6 6. O-O Nbd7 7. Nc3 e5 8.
e4 exd4 9. Nxd4 Nc5 10. h3 Re8 11. Re1 a5 12. b3 c6 13. Bb2 Qb6 14. Qc2 a4
15. Rad1 Nfd7 16. Nce2 Ne5 17. Nc1 axb3 18. axb3 Na6 19. Qb1 Nb4 20. Kh2
Nd7 21. f4 f5 22. exf5 Rxe1 23. Rxe1 Bxd4 24. fxg6 Nf6 25. gxh7+ Kh8 26.
Qg6 Bf5 27. Bxd4 Bxg6 28. Bxb6 Bxh7 29. Bd4 Kg7 30. Re7+ 1-0

[Event "WCh-Junior"]
[Site "Gaziantep TUR"]
[Date "2008.08.13"]
[Round "11"]
[White "Kjartansson,G"]
[Black "Oliver,G"]
[Result "0-1"]
[WhiteElo "2328"]
[BlackElo "2196"]
[EventDate "2008.08.03"]

1. d4 Nf6 2. c4 g6 3. Nc3 Bg7 4. e4 d6 5. h3 O-O 6. Bg5 h6 7. Be3 e5 8. d5
Na6 9. Bd3 Nh5 10. Qd2 Nc5 11. Bc2 Nf4 12. Bxf4 exf4 13. Qxf4 f5 14. Nge2
fxe4 15. Qe3 Nd3+ 16. Bxd3 exd3 17. Qxd3 Qh4 18. g3 Qh5 19. f4 Bf5 20. Qd2
Qf3 21. Rf1 Qd3 22. g4 Bxc3 23. bxc3 Be4 24. Qxd3 Bxd3 25. Rd1 Bxc4 26. Rd4
b5 27. a4 Rae8 28. Rf2 a6 29. Kd2 Re7 30. Ng3 Rfe8 31. Rf3 Re1 32. axb5
axb5 33. f5 g5 34. Rf2 Kf7 35. f6 Rb1 36. Ne4 Bxd5 37. Rxd5 Rxe4 38. Kc2
Ree1 39. Rdf5 b4 40. cxb4 Rxb4 41. Kd3 Ree4 42. Rc2 Rbd4+ 43. Kc3 Rc4+ 44.
Kd3 Rxc2 45. Kxe4 Rc4+ 46. Ke3 Rf4 47. Rxf4 gxf4+ 48. Kxf4 Kxf6 49. h4 c5
0-1

[Event "WCh-Junior"]
[Site "Gaziantep TUR"]
[Date "2008.08.13"]
[Round "11"]
[White "Mijovic,S"]
[Black "Neimer,V"]
[Result "1/2-1/2"]
[WhiteElo "2289"]
[BlackElo "2316"]
[EventDate "2008.08.03"]

1. e4 c5 2. Nf3 e6 3. d4 cxd4 4. Nxd4 a6 5. Nc3 Qc7 6. Be2 Nf6 7. O-O d6 8.
f4 Be7 9. Be3 O-O 10. Qe1 Nc6 11. Qg3 Nxd4 12. Bxd4 b5 13. a3 Bb7 14. Rae1
Rad8 15. Kh1 Rd7 16. Bd3 Re8 17. e5 Nh5 18. Qg4 g6 19. f5 Bf8 20. Re3 Ng7
21. f6 Nf5 22. Rxf5 exf5 23. Bxf5 Qc4 24. Ne2 Rc7 25. Rc3 dxe5 26. Rxc4
Rxc4 27. b3 Rxd4 28. Nxd4 exd4 29. Kg1 Bxa3 30. Bd3 Re6 31. Qxd4 Bf8 32. c4
Rd6 33. Qc3 bxc4 34. Bxc4 Bd5 35. Bxd5 Rxd5 36. g4 Rc5 37. Qd3 Rc6 38. g5
Rd6 39. Qc4 Re6 40. h4 Rb6 41. Qd3 1/2-1/2

[Event "WCh-Junior"]
[Site "Gaziantep TUR"]
[Date "2008.08.13"]
[Round "11"]
[White "Apaydin,F"]
[Black "Dragicevic,Draz"]
[Result "0-1"]
[WhiteElo "2187"]
[BlackElo "2302"]
[EventDate "2008.08.03"]

1. Nc3 c5 2. e4 Nc6 3. g3 g6 4. Bg2 Bg7 5. d3 e6 6. Nh3 Nge7 7. O-O O-O 8.
Nf4 Nd4 9. h4 b5 10. Nce2 Bb7 11. c3 Nxe2+ 12. Qxe2 b4 13. Qc2 d5 14. h5
bxc3 15. bxc3 dxe4 16. dxe4 Qa5 17. Be3 Rac8 18. Rac1 Ba6 19. Rfe1 Nc6 20.
Bf1 Ne5 21. Kg2 c4 22. Be2 Nd3 23. Rh1 Nxc1 24. Rxc1 g5 25. h6 Bxh6 26. Nh5
f5 27. exf5 Bb7+ 28. f3 Qxf5 29. Qxf5 Rxf5 30. g4 Ra5 31. Rb1 Ba8 32. a3
Kf7 33. Bd4 Bf8 34. Kh3 Rxa3 35. f4 Ra2 36. Re1 gxf4 37. Nxf4 Bd6 38. Nxe6
Re8 39. Rf1+ Kg8 40. Rf2 Bd5 0-1

[Event "WCh-Junior"]
[Site "Gaziantep TUR"]
[Date "2008.08.13"]
[Round "11"]
[White "Zubaidullin,R"]
[Black "Martins,Vin"]
[Result "0-1"]
[WhiteElo "1929"]
[BlackElo "2292"]
[EventDate "2008.08.03"]

1. d4 Nf6 2. c4 e6 3. Nf3 b6 4. g3 Ba6 5. Qc2 Bb7 6. Nc3 c5 7. dxc5 Bxc5 8.
Bg2 O-O 9. O-O Be7 10. Bg5 Qc8 11. b3 h6 12. Bf4 d5 13. Nb5 Ne8 14. Rac1 a6
15. Nbd4 Ba3 16. Rb1 dxc4 17. Qxc4 Qxc4 18. bxc4 Nd7 19. Nc2 Bc5 20. Be3
Bxe3 21. Nxe3 Bc6 22. Nd4 Bxg2 23. Kxg2 Rc8 24. Rfc1 Nef6 25. Rb3 Rc7 26.
Ra3 a5 27. Nb5 Rc5 28. f3 Rfc8 29. Nd6 R8c7 30. Rb3 Kf8 31. Nb5 Rc8 32. Kf2
Ke7 33. Na7 Ra8 34. Nb5 Ne5 35. Na3 Nfd7 36. Rb5 Rc7 37. Rbb1 Nc6 38. Nb5
Rcc8 39. Rd1 Nce5 40. Rdc1 Rc5 41. Rb3 Rac8 42. Na7 R8c7 43. Nb5 R7c6 44.
Na7 Rd6 45. Nb5 Rd2 46. a4 Nf6 47. Ke1 Rd8 48. Na3 Nfd7 49. Nb5 Nc6 50. Rd1
Nb4 51. Rbb1 Rdc8 52. Nd6 Ra8 53. Nb5 Rac8 54. Nd6 Ra8 55. Nb5 Rc6 56. Nd4
Rcc8 57. Nb5 Nc5 58. Nc3 f5 59. Rd2 Rd8 60. Nc2 Rxd2 61. Kxd2 Rd8+ 62. Kc1
Nxc2 63. Kxc2 Rd4 64. Rxb6 Rxc4 65. Kd2 Rxc3 66. Rb5 Rc4 0-1

[Event "WCh-Junior"]
[Site "Gaziantep TUR"]
[Date "2008.08.13"]
[Round "11"]
[White "Rzayev,B"]
[Black "Ertan,C"]
[Result "1-0"]
[WhiteElo "2245"]
[BlackElo "2149"]
[EventDate "2008.08.03"]

1. e4 e5 2. Nf3 Nc6 3. Bb5 a6 4. Ba4 Nf6 5. O-O Be7 6. Re1 b5 7. Bb3 O-O 8.
d4 d6 9. c3 Bg4 10. Be3 exd4 11. cxd4 Na5 12. Bc2 Nc4 13. Bc1 c5 14. b3 Nb6
15. d5 Nfxd5 16. exd5 Bf6 17. Nc3 b4 18. Ne4 Bxa1 19. h3 Bf5 20. g4 Bg6 21.
h4 Qd7 22. Nfg5 Bxe4 23. Bxe4 g6 24. h5 Bd4 25. Kg2 Rae8 26. hxg6 fxg6 27.
f3 Rxe4 28. Rxe4 Nxd5 29. Ne6 Rf6 30. Nxd4 Nc3 31. Qd3 Nxe4 32. Qxe4 cxd4
33. Qxd4 Rf7 34. Bb2 Kf8 35. Qxb4 Qc6 36. Qb8+ Ke7 37. Qa7+ Ke8 38. Qb8+
Kd7 39. Qa7+ Qc7 40. Qf2 Qc5 41. Bd4 Qb5 42. Bb2 Qd3 43. Kg3 h5 44. Qa7+
Ke6 45. Qa8 Qc2 46. Ba1 hxg4 47. Qe8+ Re7 48. Qg8+ Kd7 49. Bf6 Re2 50. Qd8+
Kc6 51. Qc8+ Kd5 52. Qb7+ Qc6 53. Qf7+ Re6 54. Qxg6 Kc5 55. b4+ Kxb4 56.
a3+ Kc5 57. Qc2+ Kd5 58. Qd3+ 1-0

[Event "WCh-Junior"]
[Site "Gaziantep TUR"]
[Date "2008.08.13"]
[Round "11"]
[White "Nukin,A"]
[Black "Sousa,Ri"]
[Result "1/2-1/2"]
[WhiteElo "2244"]
[BlackElo "2133"]
[EventDate "2008.08.03"]

1. e4 d6 2. d4 Nf6 3. Nc3 g6 4. Nf3 Bg7 5. Be2 O-O 6. O-O Nbd7 7. e5 Ne8 8.
Bf4 c5 9. dxc5 Nxc5 10. exd6 Nxd6 11. Nd5 Nce4 12. c3 e6 13. Ne3 Qe7 14. a4
Bd7 15. Ne5 g5 16. Nxd7 gxf4 17. Nxf8 fxe3 18. fxe3 Rxf8 19. Bd3 f5 20. Qe2
Rf6 21. g3 Rg6 22. Rf3 h5 23. Kh1 Be5 24. Rg1 b6 25. Rff1 Rg5 26. Rg2 Kh8
27. Qf3 Qg7 28. Rfg1 Kh7 29. Rd1 Qf7 30. Be2 Kh6 31. Qf1 Rg7 32. Bf3 Qf6
33. Qe2 Qg5 34. Ra1 a5 35. Rd1 Nc5 36. Ra1 Nde4 1/2-1/2

[Event "WCh-Junior"]
[Site "Gaziantep TUR"]
[Date "2008.08.13"]
[Round "11"]
[White "McPhillips,K"]
[Black "Kobayashi,A"]
[Result "1-0"]
[WhiteElo "2221"]
[BlackElo "1936"]
[EventDate "2008.08.03"]

1. d4 d5 2. c4 e6 3. Nf3 Nf6 4. Bg5 Be7 5. Nc3 O-O 6. e3 Nbd7 7. Rc1 c6 8.
Bd3 dxc4 9. Bxc4 Nd5 10. Bxe7 Qxe7 11. O-O Nxc3 12. Rxc3 e5 13. Bb3 exd4
14. exd4 Nf6 15. Re1 Qd6 16. Ne5 Nd5 17. Rg3 Be6 18. Qh5 Qb4 19. Re4 Qd2
20. Nf3 Qc1+ 21. Re1 Qf4 22. Ng5 Nf6 23. Nxe6 fxe6 24. Qe5 Qxe5 25. Rxe5
Rad8 26. Rxe6 Kh8 27. Re7 Rxd4 28. Rgxg7 Re4 29. Rxh7+ 1-0

[Event "WCh-Junior"]
[Site "Gaziantep TUR"]
[Date "2008.08.13"]
[Round "11"]
[White "Aydogdu,A"]
[Black "Ramsurrup,P"]
[Result "1-0"]
[WhiteElo "2050"]
[BlackElo "1809"]
[EventDate "2008.08.03"]

1. d4 Nf6 2. c4 b6 3. Nf3 Bb7 4. Nc3 d5 5. cxd5 Nxd5 6. Qc2 Nxc3 7. bxc3
Bxf3 8. gxf3 g6 9. h4 h5 10. f4 c6 11. f5 gxf5 12. Qxf5 Nd7 13. Bg5 Bg7 14.
Bg2 Rc8 15. e4 c5 16. e5 cxd4 17. cxd4 b5 18. Bd5 Rf8 19. e6 Ne5 20. dxe5
Qxd5 21. exf7+ 1-0

[Event "WCh-Junior"]
[Site "Gaziantep TUR"]
[Date "2008.08.13"]
[Round "11"]
[White "Vural,O"]
[Black "Gurcan,E"]
[Result "0-1"]
[WhiteElo "1853"]
[BlackElo "1955"]
[EventDate "2008.08.03"]

1. e4 c5 2. Nf3 d6 3. d4 cxd4 4. Nxd4 Nf6 5. Nc3 a6 6. Bg5 e6 7. f4 Be7 8.
Qf3 Qc7 9. O-O-O Nbd7 10. g4 b5 11. Bxf6 Nxf6 12. g5 Nd7 13. f5 Nc5 14. f6
gxf6 15. gxf6 Bf8 16. Bh3 b4 17. Nd5 exd5 18. exd5 Bxh3 19. Qxh3 Qd7 20.
Rhe1+ Kd8 21. Nc6+ Kc7 22. Qh4 a5 23. Re2 h5 24. Qc4 Kb6 25. a4 Nxa4 26. c3
Qb7 27. Nd4 Nc5 28. cxb4 axb4 29. Rde1 Ra1+ 30. Kc2 Rxe1 31. Rxe1 Kc7 32.
Ra1 b3+ 33. Kd1 Bh6 34. Nb5+ Kb8 35. Nd4 Rc8 36. Ra5 Kc7 37. Nb5+ Kd8 38.
Ra7 Qb6 39. Qe2 Ne6 40. Qf3 Rc1+ 41. Ke2 Qxb5+ 42. Kf2 Rf1+ 0-1

[Event "WCh-Junior"]
[Site "Gaziantep TUR"]
[Date "2008.08.14"]
[Round "12"]
[White "Gupta,Ab"]
[Black "Braun,A"]
[Result "1-0"]
[WhiteElo "2551"]
[BlackElo "2533"]
[EventDate "2008.08.03"]

1. d4 d5 2. c4 c6 3. Nf3 Nf6 4. Nc3 a6 5. g3 dxc4 6. a4 e6 7. Bg2 c5 8.
dxc5 Qxd1+ 9. Nxd1 Nc6 10. Ne3 c3 11. bxc3 Bxc5 12. Nc4 O-O 13. O-O Rd8 14.
Ba3 Bxa3 15. Rxa3 Rb8 16. a5 Ne4 17. Rc1 Nc5 18. Nd4 Bd7 19. Nb3 Nxb3 20.
Rxb3 Rdc8 21. Nb6 Nxa5 22. Rb4 Bb5 23. Nxc8 Rxc8 24. e3 Bc6 25. Bf1 Be8 26.
Ra1 Rc5 27. Bg2 Kf8 28. h4 h6 29. Bxb7 Nxb7 30. Rxb7 a5 31. Ra7 Rxc3 32.
R1xa5 Bc6 33. Kh2 Rc2 34. Ra2 Rc1 35. Ra1 Rc2 36. R7a2 Rc4 37. Rb1 Bd5 38.
Rab2 f5 39. Kg1 Kf7 40. Rb4 Rc2 41. g4 Kf6 42. gxf5 exf5 43. Rb6+ Bc6 44.
Ra1 Ke5 45. Ra5+ Bd5 46. Kf1 f4 47. Rbb5 Rd2 48. Ke1 fxe3 49. fxe3 Rd3 50.
Ke2 1-0

[Event "WCh-Junior"]
[Site "Gaziantep TUR"]
[Date "2008.08.14"]
[Round "12"]
[White "Negi,P"]
[Black "Nguyen Ngoc Truong Son"]
[Result "1-0"]
[WhiteElo "2529"]
[BlackElo "2579"]
[EventDate "2008.08.03"]

1. e4 e6 2. d4 d5 3. Nc3 Nf6 4. e5 Nfd7 5. f4 c5 6. Nf3 Nc6 7. Ne2 Be7 8.
c3 O-O 9. Be3 f5 10. Rg1 b5 11. a3 Nb6 12. Bf2 c4 13. g4 a5 14. h4 Bd7 15.
Bh3 Qe8 16. gxf5 exf5 17. Ng3 Na4 18. Qc2 Qf7 19. Nf1 b4 20. Ne3 b3 21. Qd2
Be6 22. Ng5 Bxg5 23. Rxg5 Qd7 24. O-O-O Nb4 25. Bf1 Na2+ 26. Kb1 Qe7 27.
Rc1 Nxc1 28. Kxc1 Kh8 29. Bh3 Qd7 30. Be1 Nb6 31. h5 Nc8 32. Qg2 Rf7 33.
Nxc4 Rb8 34. Ne3 Ne7 35. Qf3 Qa7 36. Bh4 Nc6 37. Qd1 Rc8 38. Kb1 Rfc7 39.
Rg1 h6 40. Bxf5 Bxf5+ 41. Nxf5 Rf8 42. Qg4 Rcf7 43. e6 Ne5 44. dxe5 Rxf5
45. e7 1-0

[Event "WCh-Junior"]
[Site "Gaziantep TUR"]
[Date "2008.08.14"]
[Round "12"]
[White "So,W"]
[Black "Safarli,E"]
[Result "1/2-1/2"]
[WhiteElo "2577"]
[BlackElo "2527"]
[EventDate "2008.08.03"]

1. e4 e5 2. Nf3 Nc6 3. Bb5 a6 4. Ba4 d6 5. c3 Bd7 6. d4 g6 7. O-O Bg7 8.
Re1 b5 9. Bb3 Nf6 10. Bg5 h6 11. Bh4 O-O 12. Nbd2 Re8 13. a4 Rb8 14. axb5
axb5 15. dxe5 Nxe5 16. Nxe5 dxe5 17. Nf3 Qc8 18. Bxf6 Bxf6 19. Ra7 Kg7 20.
Bd5 Re7 21. b4 c6 22. Bb3 Ra8 23. Rxa8 Qxa8 24. Qa1 Re8 25. h3 Qb7 26. Rd1
Rd8 27. Rd2 Qb8 28. Qd1 Be8 29. Rxd8 Bxd8 30. Nxe5 Qxe5 31. Qxd8 Qxc3 32.
Qxe8 Qc1+ 1/2-1/2

[Event "WCh-Junior"]
[Site "Gaziantep TUR"]
[Date "2008.08.14"]
[Round "12"]
[White "Andreikin,D"]
[Black "Hou Yifan"]
[Result "0-1"]
[WhiteElo "2604"]
[BlackElo "2557"]
[EventDate "2008.08.03"]

1. Nf3 Nf6 2. g3 e6 3. Bg2 d5 4. O-O Be7 5. d3 c5 6. Nbd2 Nc6 7. e4 O-O 8.
Re1 b5 9. e5 Nd7 10. Nf1 a5 11. h4 b4 12. N1h2 Ba6 13. Bg5 a4 14. Bh3 Rc8
15. Bf4 Qe8 16. Ng4 Bb5 17. Kg2 Kh8 18. Ng5 Rd8 19. Kh2 Ba6 20. Bg2 Bb5 21.
Kg1 Kg8 22. Bh3 Kh8 23. Nh2 Nb6 24. Bg2 Ba6 25. Nhf3 Bb5 26. Kh2 Kg8 27.
Nh3 Nd7 28. Nfg5 Nb6 29. Nf3 Nd7 30. Bg5 Kh8 31. Qe2 Nb6 32. Nf4 Rc8 33.
Bh3 Rd8 34. Bg4 Ba6 35. Nh5 Nd7 36. Qe3 Bc8 37. Nf4 Ndxe5 38. Nxe5 Nxe5 39.
Qxe5 f6 40. Qe2 fxg5 41. Nxe6 Bxe6 42. Qxe6 Bf6 43. Qxe8 Rfxe8 44. Rxe8+
Rxe8 45. Rb1 gxh4 46. b3 a3 47. Kg2 g6 48. Rd1 hxg3 49. fxg3 Re3 50. Bf3 d4
51. g4 Kg7 52. Rh1 Bg5 53. Kf2 Bf4 54. Rh3 h6 55. Rh1 Kf6 56. Rf1 Kg5 57.
Rh1 Bd6 58. Kg2 Re7 59. Be4 Bf4 60. Kh3 Rh7 61. Rg1 Rh8 62. Bf3 Rf8 63. Kg2
Be3 64. Rh1 Rf6 65. Kg3 Bf4+ 66. Kh3 Bd6 67. Kg2 Re6 68. Be4 Kf4 69. Bf3
Re3 70. Rf1 Kg5 71. Rh1 Be7 72. Bd1 Bd6 73. Bf3 Bf4 74. Kf2 Bc7 75. Kg2 Kf4
76. Rf1 Bd8 77. Bd1+ Ke5 78. Bf3 Bh4 79. Bd1 Bg3 80. Bf3 Kf4 81. Bd1+ Kg5
82. Bf3 Be1 83. Bd1 Bh4 84. Bf3 Re1 85. Rxe1 Bxe1 86. Kf1 Kf4 87. Be4 Bg3
88. Ke2 g5 89. Bf5 h5 90. Bc8 h4 91. Bd7 h3 92. Bc8 Bh4 93. Bd7 Kg3 94. Bc8
Kg2 0-1

[Event "WCh-Junior"]
[Site "Gaziantep TUR"]
[Date "2008.08.14"]
[Round "12"]
[White "Melkumyan,H"]
[Black "Li Chao2"]
[Result "1-0"]
[WhiteElo "2507"]
[BlackElo "2590"]
[EventDate "2008.08.03"]

1. c4 Nf6 2. Nc3 g6 3. g3 d5 4. cxd5 Nxd5 5. Bg2 Nb6 6. d3 Bg7 7. Be3 Nc6
8. Qd2 Nd4 9. Nf3 e5 10. O-O O-O 11. Bh6 Qe7 12. Rac1 c6 13. Nxd4 exd4 14.
Ne4 a5 15. Rfe1 Rd8 16. Bxg7 Kxg7 17. e3 Qb4 18. Qc2 Bf5 19. a3 Qb5 20. Nc5
Nd7 21. e4 Nxc5 22. Qxc5 Qxc5 23. Rxc5 Be6 24. f4 Rdc8 25. Rec1 Bb3 26. g4
f6 27. h4 Rd8 28. g5 Ba4 29. gxf6+ Kxf6 30. Kf2 Ra6 31. Kg3 Ke7 32. h5 Bb3
33. hxg6 hxg6 34. Rh1 Bf7 35. Rh7 Rb6 36. e5 Rxb2 37. Rxa5 Kf8 38. Be4 Kg8
39. Rh2 Rb3 40. Kg4 Kg7 41. Ra7 Rf8 42. Kg5 Rb1 43. Rh1 Rb2 44. Ra4 c5 45.
Ra7 Rb8 46. Ra5 Rc8 47. Ra7 c4 48. dxc4 d3 49. Rxb7 Rxb7 50. Bxb7 Rxc4 51.
Rd1 Rd4 52. Rd2 Be6 53. Bf3 Bf5 54. Rb2 d2 55. Rb7+ Kf8 56. Bd1 Ke8 57. a4
Be4 58. Rb2 Ke7 59. a5 Rd3 60. a6 Rg3+ 61. Kh4 Rg2 62. a7 Rh2+ 63. Kg3 Rg2+
64. Kh3 Rf2 65. Rb4 Bh1 66. Rd4 Ba8 67. Kg3 Rg2+ 68. Kh4 Bb7 69. Bb3 Rh2+
70. Kg5 Rg2+ 71. Kh6 Rh2+ 72. Kg7 1-0

[Event "WCh-Junior"]
[Site "Gaziantep TUR"]
[Date "2008.08.14"]
[Round "12"]
[White "Ramirez,Alej"]
[Black "Zhigalko,S"]
[Result "1/2-1/2"]
[WhiteElo "2531"]
[BlackElo "2583"]
[EventDate "2008.08.03"]

1. e4 c5 2. Nf3 Nc6 3. Bb5 Nf6 4. Nc3 Qc7 5. d3 d6 6. O-O e6 7. Re1 Bd7 8.
a4 Be7 9. Bf4 Nh5 10. Bd2 Nf6 11. Bf4 Nh5 12. Bd2 O-O 13. e5 dxe5 14. Nxe5
Nf6 15. Nxd7 Nxd7 16. a5 Nd4 17. Ba4 Ne5 18. Nb5 Nxb5 19. Bxb5 a6 20. Ba4
Ng6 21. Bc3 Bf6 22. Bxf6 gxf6 23. Bb3 Rad8 24. Qf3 f5 25. Qg3 Qxg3 26. hxg3
Rd4 27. Bc4 Kg7 28. b4 cxb4 29. Rab1 Rc8 30. Rxb4 Rc7 31. Reb1 Rdd7 32. Bb3
Ne7 33. Ba4 Rd5 34. Rxb7 Rxb7 35. Rxb7 Rxa5 36. Rxe7 Rxa4 37. Kf1 Ra1+ 38.
Ke2 a5 39. Ra7 a4 40. c4 a3 1/2-1/2

[Event "WCh-Junior"]
[Site "Gaziantep TUR"]
[Date "2008.08.14"]
[Round "12"]
[White "Le Quang Liem"]
[Black "Boros,De"]
[Result "1-0"]
[WhiteElo "2577"]
[BlackElo "2472"]
[EventDate "2008.08.03"]

1. Nf3 d5 2. d4 c6 3. c4 dxc4 4. e3 Be6 5. Qc2 Nd7 6. Bxc4 Bxc4 7. Qxc4 b5
8. Qe2 e6 9. O-O Ngf6 10. e4 Be7 11. Bg5 a6 12. Nc3 O-O 13. Rac1 h6 14. Bh4
Rc8 15. e5 Nd5 16. Nxd5 Bxh4 17. Nb4 Nb8 18. Qe4 Bg5 19. Rc3 Qe7 20. Nxc6
Rxc6 21. Rxc6 Qb7 22. Nxg5 hxg5 23. Rfc1 Rd8 24. h4 Nxc6 25. Rxc6 gxh4 26.
Qc2 g6 27. Rd6 Rc8 28. Qd3 Qc7 29. Kh2 Qc2 30. Qe3 a5 31. d5 Qf5 32. dxe6
fxe6 33. f3 Rf8 34. Rd7 g5 35. Rd4 Kh7 36. Rg4 Kg6 37. Qc5 Rb8 38. a3 Qf8
39. Qc7 Qd8 40. Qc2+ Kh6 41. f4 Rc8 42. Qf2 Rc4 43. fxg5+ Kh5 44. Qxh4+ 1-0